[Event "Corus"]
[Site "Wijk aan Zee"]
[Date "2005.01.22"]
[Round "7"]
[White "Bruzon Batista, Lazaro"]
[Black "Anand, Viswanathan"]
[Result "0-1"]
[WhiteElo "2652"]
[BlackElo "2786"]
[Annotator "Ribli,Zoltan"]
[PlyCount "88"]
[EventDate "2005.01.15"]
[EventType "tourn"]
[EventRounds "13"]
[EventCountry "NED"]
[EventCategory "19"]
[SourceTitle "CBM 105"]
[Source "ChessBase"]
[SourceDate "2005.04.11"]
[SourceVersion "1"]
[SourceVersionDate "2005.04.11"]
[SourceQuality "1"]

1. Nf3 Nf6 2. c4 e6 3. g3 d5 4. Bg2 dxc4 5. Qa4+ c6 {Diese Spielweise ist sehr populär in der letzten Zeit - Schwarz möchte im Ffolgenden b7-b5, b7 spielen und mit bd7 die Entwicklung des Damenflügels beenden. Die traditionelle Alternative ist 5...bd7.} 6. Qxc4 b5 7. Qc2 Bb7 8. d4 (8. a4 a6 (8... Na6 9. Nc3 $5 (9. O-O Nb4 10. Qd1 a6 11. Nc3 Be7 12. d3 O-O 13. Bd2 Qb6 14. Ng5 c5 {½-½ Chernin,A-Razuvaev,Y/Tilburg 1994/CBM 44 (48)}) 9... Nb4 10. Qb1 Be7 11. O-O a6 12. d4 O-O 13. Bg5 Rc8 14. e3 Qb6 15. Ne4 $1 Rfe8 16. Bxf6 gxf6 17. Rc1 a5 18. Nc5 Na6 19. Nxb7 Qxb7 20. axb5 Qxb5 21. Bf1 Qb6 22. Nd2 $16 {½-½ Saric,A-Pavasovic,D/Zadar 2004 (70)}) 9. axb5 cxb5 $5 (9... axb5) 10. O-O Be7 11. d4 O-O 12. Bg5 Nc6 13. e3 Rc8 14. Qe2 Nb4 15. Nc3 h6 16. Bxf6 Bxf6 17. Rfd1 Qb6 {½-½ Rotstein,A-Gyimesi,Z/Graz 2004 (28)}) 8... Nbd7 9. a4 (9. Ne5 Nxe5 10. dxe5 Nd5 $1 11. O-O Be7 $1 12. Rd1 Qb8 $1 13. Nc3 O-O 14. Nxd5 cxd5 15. e4 Rc8 16. Qe2 dxe4 17. Bxe4 Bxe4 18. Qxe4 Rc4 $1 19. Qf3 Qe8 $1 20. Be3 Rc7 $1 {[ ac8]. ½-½ Volzhin,A-Ibragimov,I/Russia (ch) 82/423 2001/[Volzhin,A] (20)}) 9... c5 $1 $11 {[%mdl 4] Schwarz beschäftigt sich nicht mit dem b5-Bauern, er öffnet die Diagonale des b7-Läufers.} 10. O-O (10. dxc5 b4 11. O-O Bxc5 $15) (10. axb5 cxd4 11. O-O e5 $13) 10... b4 11. Bg5 Rc8 12. Nbd2 Be7 13. Rfc1 (13. dxc5 Nxc5 14. Rfd1 O-O 15. Nb3 Bd5 16. Nxc5 Bxc5 17. Qd3 h6 18. Be3 $11) 13... O-O {Schwarz hat eine bequeme Stellung - er hat Raumvorteil am Damenflügel und eine gute Entwicklung, die weiße Dame steht nicht so gut auf der c-Linie.} (13... cxd4 14. Qd3 $11) 14. Qd3 h6 15. Bxf6 (15. Be3) 15... Bxf6 16. e3 Rc7 17. Qe2 $6 {Dieser Damezug erscheint mir etwas passiv - die Alternative erscheint mir logischer.} (17. Ne4 $5) 17... Qc8 {[%cal Gc8c1]} 18. Qb5 $146 ({RR} 18. Nb3 Rd8 19. Nfd2 Ba6 20. Qh5 c4 21. Qa5 Be7 22. Rc2 Nb8 23. Rac1 c3 24. bxc3 Bd3 25. c4 Bxc2 26. Rxc2 Nc6 27. Qb5 a6 28. Qh5 Bf8 29. c5 Ne7 30. Nc4 Nd5 31. Bxd5 exd5 32. Nb6 Qe6 {Damljanovic,B (2545)-Pavlovic,D (2277) Herceg Novi 2002 1-0 (40)}) 18... a6 19. Qf1 (19. Qa5 $4 Rc6 {[%csl Ra5][%cal Rf6d8,Rd8a5]} 20. dxc5 Bxb2 $19) 19... a5 20. b3 $2 {Dieser Zug gefällt mir nicht - Weiß schwächt das c3-Feld von selbst.} (20. Nb3 Bd5 21. Nfd2 (21. Nxa5 $4 Qa8 $19 {[%cal Ra8a5,Ra8f3]})) 20... Rd8 21. Qb5 Bc6 $6 (21... Qa8 $15) 22. Qe2 {In vorherigen Varianten konnte Weiß nie xa5 spielen, aber hier geht das, obwohl dieser Zug sehr riskant ist.} (22. Qxa5 $1 Qb8 (22... Qb7 23. Ne1 Bxg2 24. Nxg2 Ra8 25. Qb5 Qxb5 26. axb5 Rxa1 27. Rxa1 cxd4 28. Ne4 $13) 23. Qa6 $13) 22... Qb7 $15 {[%csl Yc3][%cal Gb7h1] Schwarz hat eine ausgezeichnete Figurenkoordination und das c3-Feld ist schwach in der weißen Stellung.} (22... Nb6 23. Rxc5 Bxf3 24. Bxf3 Rxc5 25. dxc5 Bxa1 26. cxb6 Qc1+ 27. Nf1 Qc5 28. b7 $44 {[%csl Gb7]}) 23. Nc4 Qa8 24. Ra2 {[%cal Ga2c2,Gc1c8] Weiß möchte auf der c-Linie die Türme verdoppeln.} cxd4 25. exd4 Bd5 26. Rac2 Rdc8 (26... Be4) 27. Qd1 (27. Nfe5 Bxg2 28. Nxd7 Bxd4 (28... Rxd7 29. Nb6 Rxc2 30. Qxc2 Be4 31. Qe2 $13) 29. Ncb6 Bxb6 30. Nxb6 Rxc2 31. Rxc2 Rxc2 32. Qxc2 Qb7 $19) 27... Qa6 28. Nfe5 $6 $138 {Weiß ist schon in Zeitnot, er hatte nur noch 3 Minuten Bedenkzeit.} (28. Bf1 Qa7 29. Be2 $15) 28... Bxe5 29. Bxd5 {Dieser Zug verliert eigentlich einen Bauern, aber Weiß hat kein besseren Zug.} (29. dxe5 Bxc4 30. Qd6 (30. Rxc4 Rxc4 31. Rxc4 Nxe5 $17) 30... Qxd6 31. exd6 Rc5 32. Rxc4 Rxc4 33. Rxc4 Rxc4 34. bxc4 Nc5 $19 {[%csl Gb4,Gc5]}) 29... Bxg3 (29... Bf4 $6 30. gxf4 exd5 31. Ne5 Nxe5 (31... Rc3 $2 32. Rxc3 bxc3 33. Nxd7 Qg6+ 34. Kh1 Qe4+ 35. f3 Qxf4 36. Rc2 $18) 32. Rxc7 Rxc7 33. Rxc7 Qg6+ $44) 30. hxg3 exd5 31. Ne3 Rxc2 32. Rxc2 Nf6 $17 {Schwarz hat einen Bauern mehr, aber die technische Verwertung des Vorteils ist noch nicht leicht, weil die schwarze Bauernmehrheit am Königsflügel schwer zu mobilisieren ist.} 33. Rc5 Rxc5 34. dxc5 Qc6 35. Qd4 g6 {Schwarz verhindert die Möglichkeit 36.f5.} (35... Kf8 36. Nf5 $15) 36. Qe5 Nd7 37. Qd6 $2 (37. Qe8+ Kg7 38. Ng4 $15 (38. Nc2 Qxc5 39. Qxd7 Qxc2 40. Qxd5)) 37... Qxd6 38. cxd6 {[%mdl 4096]} Kf8 $19 {Das Springerendspiel ist gewonnen für Schwarz - der schwarze König kontrolliert den weiße d-Bauern, der b3-Bauer ist schwach und Schwarz kann am Königsflügel mit h5 und g5 einen ernfernten Freibauern bilden.} 39. Nxd5 Nc5 {[%csl Rb3][%cal Rc5b3]} 40. Kf1 Ke8 41. Nb6 Nxb3 42. Ke2 Nc5 43. f3 h5 44. Ke3 b3 (44... b3 45. Kd2 g5 $19) 0-1

[Event "Corus-B"]
[Site "Wijk aan Zee"]
[Date "2002.01.27"]
[Round "11"]
[White "Krasenkow, Michal"]
[Black "Tregubov, Pavel V"]
[Result "1/2-1/2"]
[WhiteElo "2632"]
[BlackElo "2626"]
[Annotator "Tsesarsky,Ilya"]
[PlyCount "82"]
[EventDate "2002.01.15"]
[EventType "tourn"]
[EventRounds "11"]
[EventCountry "NED"]
[EventCategory "11"]
[SourceTitle "CBM 087"]
[Source "ChessBase"]
[SourceDate "2002.03.21"]
[SourceVersion "1"]
[SourceVersionDate "2002.03.21"]
[SourceQuality "1"]

1. Nf3 d5 2. d4 c6 3. c4 e6 4. Qc2 dxc4 5. Qxc4 Nf6 6. Bg5 b5 7. Qc2 Bb7 8. e3 Nbd7 9. Be2 (9. Nbd2 a6 10. a4 h6 11. Bxf6 Qxf6 12. Bd3 $14 {-see commented game ½-½ Sanjay,N-Kharlov,A/Calcutta 2001/CBM 82_01 [Tsesarsky,I](44)}) ({More popular is} 9. Bd3 h6 (9... Rc8 10. O-O a6 11. a4 c5 12. axb5 c4 (12... Bxf3 13. gxf3 cxd4 14. Qe2 axb5 15. Bxb5 Be7 $132) 13. Be2 axb5 14. Nc3 $14 (14. b3 $132 {1-0 Paunovic,D-Kalezic,B/Herceg Novi YUG 2001/The Week in Chess 358 (41)})) 10. Bh4 {-see commented game 1-0 Gurevich,M-Grischuk,A/Cannes 2001/CBM 82_01[Tsesarsky,I] (44)} (10. Bxf6 $5)) 9... a6 {[%cal Gc6c5] Black prepares c6-c5 promotion.} (9... Qb6 10. O-O (10. Nc3 a6 11. a4 c5 12. axb5 cxd4 13. exd4 $14) 10... c5 11. a4 a6 12. axb5 axb5 13. Rxa8+ Bxa8 14. dxc5 Bxc5 15. Bxf6 (15. b4 Bxb4 {½-½ Masternak,A-Van der Vorm,T/DEN 1999/EXT 2000 (15)}) 15... gxf6 16. Rc1 b4 (16... O-O 17. Nc3 Rd8 18. Nxb5 Bxf3 19. gxf3 $16) 17. Nbd2 $14) 10. a4 {[%csl Rb5] White, in other side, puts pressure on b5.} Rc8 (10... Bb4+ $6 11. Nc3 Be7 12. O-O $14 {½-½ Giffard,N-Sarmiento Alfonso,B/Las Palmas 1993/EXT 97 (51)}) 11. O-O ({Worth of attention} 11. Nc3 {[%csl Rb5][%cal Gc3b5,Ga4b5] increasing pressure on b5.} c5 12. d5 $5 b4 (12... Qa5 13. dxe6 fxe6 14. O-O b4 15. Nb1 c4 16. Nbd2 b3 17. Qb1 Bxf3 18. Nxf3 Bd6 19. Rc1 Qb4 20. Bxf6 Nxf6 21. Rc3 O-O 22. Qf1 $14 {[%csl Rc4][%cal Gf1c4,Gc3c4]}) 13. dxe6 fxe6 14. Nb1 c4 15. Bxc4 (15. O-O Be4 16. Qc1 Qa5 $15) 15... Bxf3 16. gxf3 Ne5 17. Bxf6 gxf6 18. Nd2 Qd5 19. b3 (19. Bxd5 Rxc2 20. Bxe6 Rxb2 21. Ke2 Nxf3 22. Kxf3 Rxd2 23. Rhd1 Rd6 24. Bd5 $14) 19... Nxc4 20. bxc4 (20. Nxc4 Qxf3 21. Rg1 Rc5 $132) 20... Qe5 21. Rc1 f5 22. f4 $14) 11... Be7 12. Nbd2 O-O 13. Bxf6 gxf6 14. Nb3 $6 $11 ({Better looks} 14. Qe4 $5 {[%cal Gf1c1,Ge4b7] preventing c6-c5 promotion} Qb6 (14... Nb6 15. a5 Nd7 16. Rfd1 f5 17. Qf4 c5 18. dxc5 Nxc5 19. b4 Bd6 20. Qh6 Nd7 21. Ng5 Nf6 22. Bf3 $14) 15. Qg4+ (15. Qh4 Rfe8 {[%cal Gf6f5]} 16. Bd3 f5 17. Qg3+ Kh8 18. Ng5 Bxg5 19. Qxg5 c5 $132) 15... Kh8 16. Qh4 Rg8 17. Bd3 Rg7 18. axb5 cxb5 19. Be4 $14 {[%csl Rf6,Rf7]}) 14... c5 15. axb5 $146 ({RR} 15. dxc5 Nxc5 16. axb5 axb5 17. Bxb5 Be4 18. Qc3 Nxb3 19. Qxb3 Bxf3 20. gxf3 Qb6 21. Bc4 Qxb3 22. Bxb3 Rb8 23. Bc4 Rxb2 24. Rfb1 Rxb1+ 25. Rxb1 Rc8 26. Rc1 Rc5 27. f4 f5 28. Rc2 Kg7 29. Bd3 Rxc2 {Stupak,K (2535)-Zhigalko,S (2647) Gjakova 2016 ½-½ (31)}) ({RR} 15. dxc5) 15... cxd4 16. Qd2 ({Or} 16. Qd1 dxe3 17. bxa6 exf2+ 18. Rxf2 Bd5 19. Nfd4 Ne5 $132) 16... dxe3 17. Qxe3 axb5 18. Bxb5 Nc5 (18... Bd5 $132) 19. Nxc5 (19. Nbd4 Qb6 20. b4 Rfd8 $1 21. Rfc1 (21. bxc5 Bxc5 22. Rfd1 Bxf3 23. Qxf3 Bxd4 24. Rab1 $44) 21... Bxf3 22. gxf3 Nb3 23. Rxc8 Rxc8 24. Nf5 Qxb5 (24... Qxe3 25. Nxe7+ Kf8 26. fxe3 Rb8 (26... Kxe7 27. Ra7+ Kf8 28. Bd3 f5 29. Kf2 $14 {[%csl Gb4][%cal Gb4b8]})) 25. Nxe7+ Kg7 26. Qxb3 (26. Nxc8 Nxa1 $11) 26... Rc7 $11 {[%csl Re7]}) 19... Rxc5 20. Bd3 f5 21. Rfd1 Rd5 22. Be2 Bf6 23. Rab1 Qd6 (23... Rxd1+ 24. Rxd1 Qb8 $11) 24. Ne1 Rxd1 25. Rxd1 Qb4 26. Nd3 Qb3 27. Nc5 Qxe3 (27... Qxb2 28. Nxb7 Qxb7 $44) 28. fxe3 Bc6 (28... Bd5 $6 29. Nd7 Bxb2 30. Nxf8 Kxf8 31. Bf3 $14) 29. Nd7 {White decided to transform the game into drawn endgame with  opposite colour.} (29. b4 Rb8 30. Rd6 Be8 31. Na6 Rb7 32. Bf3 Ra7 $11) 29... Bxd7 30. Rxd7 Bxb2 31. Bh5 {[%csl Rf7]} Kg7 32. Kf2 Kf6 33. h3 h6 34. g4 fxg4 35. hxg4 Ba3 36. e4 e5 37. Rb7 Ke6 38. Kf3 f6 39. Bg6 Bc1 40. Rc7 Bg5 41. Rc8 $1 Rxc8 (41... Rxc8 42. Bf5+ $11) 1/2-1/2

[Event "Gashimov Memorial 3rd"]
[Site "Shamkir"]
[Date "2016.05.29"]
[Round "4"]
[White "Eljanov, Pavel"]
[Black "Karjakin, Sergey"]
[Result "1/2-1/2"]
[WhiteElo "2765"]
[BlackElo "2779"]
[Annotator "Baldauf,Marco"]
[PlyCount "82"]
[EventDate "2016.05.26"]
[EventType "tourn"]
[EventRounds "9"]
[EventCountry "AZE"]
[EventCategory "20"]
[SourceTitle "CBM 173"]
[Source "ChessBase"]
[SourceDate "2016.07.12"]
[SourceVersion "1"]
[SourceVersionDate "2016.07.12"]
[SourceQuality "1"]

1. d4 Nf6 2. c4 e6 3. Nf3 d5 4. Bg5 Nbd7 5. e3 h6 6. Bh4 Be7 ({RR} 6... Bb4+ 7. Nbd2 g5 8. Bg3 Ne4 9. a3 Nxg3 10. hxg3 Bxd2+ 11. Qxd2 Qf6 12. cxd5 exd5 13. Rc1 c6 14. b4 g4 15. Ng1 Nf8 16. b5 Bd7 17. bxc6 Bxc6 18. Bd3 h5 19. Qb4 a6 20. Ne2 Ng6 21. Qb6 {Aliyev,E (2108)-Gece,U (2022) Denizli TUR 2026 1-0 (55)}) 7. Nbd2 ({RR} 7. Qc2 O-O 8. cxd5 Nxd5 9. Bxe7 Qxe7 10. Bc4 N5f6 11. Nc3 c5 12. O-O cxd4 13. Nxd4 Ne5 14. Be2 Bd7 15. Qb3 Rab8 16. a4 Rfc8 17. a5 Nc6 18. Rfd1 Nxd4 19. Rxd4 Bc6 20. Bb5 a6 21. Bxc6 Rxc6 {Mamedyarov,S (2817)-Karjakin,S (2753) Kolkata 2018 ½-½}) 7... c5 8. Be2 O-O 9. O-O $146 ({RR} 9. dxc5 Nxc5 10. O-O b6 11. Nd4 Bb7 12. Bf3 Nfe4 13. Bxe7 Qxe7 14. cxd5 Bxd5 15. Nxe4 Nxe4 16. Rc1 Rac8 17. Qe2 Qb7 18. h3 Nf6 19. Bxd5 Qxd5 20. Qa6 Qd7 21. a4 Ne4 22. Nb5 Nc5 23. Qxa7 Qxa7 {Andreikin,D (2729)-Sjugirov,S (2705) chess.com INT 2023 1-0 (56)}) ({RR} 9. dxc5 Nxc5 10. O-O b6 11. Nd4 Bb7 12. Bf3 Nfe4 13. Bxe7 Qxe7 14. cxd5 Bxd5 15. Nxe4 Nxe4 16. Rc1 Rac8 17. Qe2 Qb7 18. h3 Nf6 19. Bxd5 Qxd5 20. Qa6 Qd7 21. a4 Ne4 22. Nb5 Nc5 23. Qxa7 Qxa7 {Andreikin,D (2729)-Sjugirov,S (2705) chess.com INT 2023 1-0 (56)}) 9... b6 10. cxd5 Nxd5 11. Bg3 Bb7 12. Nc4 N7f6 13. dxc5 Bxc5 14. Nfd2 Rc8 {Schwarz hat bequem ausgeglichen, seine Figuren stehen gar etwas harmonischer. Eljanov ergreift drastische Maßnahmen, die dem Spiel einen zweischneidigen Charakter verleihen.} 15. e4 $5 (15. Qb3 $11) 15... Ne7 16. e5 Ne4 17. Nxe4 Bxe4 18. Nd6 {nur so ist der Vorstoß des Bauern nach e5 zu rechtfertigen} Bxd6 19. exd6 Nf5 20. Qa4 Bd5 21. d7 Rc5 (21... Nxg3 $6 22. hxg3 Rc7 23. Bb5 $11) 22. b4 Nxg3 23. hxg3 Rc7 24. Bb5 Qg5 {Diagramm [#] der weiße Bauer auf d7 stört etwas, doch dafür stehen die weißen Figuren, allen voran die Da4 schlecht.} 25. Rfe1 Rd8 26. Re3 h5 27. Rae1 h4 (27... g6 28. Re5 Qf6 29. Rxd5 $2 exd5 30. Re8+ Kg7 $19) 28. Re5 Qf6 {Diagramm [#]} (28... Qd2 $1 $13) 29. Qa3 (29. Rxd5 $1 {erstaunlich, dass Eljanov diese Taktik übersieht} exd5 30. Re8+ Kh7 31. Qd1 $1 g6 $8 32. Rxd8 Qxd8 33. Qxd5 $16 {[%cal Rd5f7,Rd5e5,Re5e8]}) 29... Ba8 30. Qe3 hxg3 31. Qxg3 a6 32. Rxe6 $1 {liquidiert in ein ausgeglichenes Endspiel} fxe6 33. Qxc7 Rf8 $1 (33... axb5 34. Rxe6 Qg5 35. Qxd8+ Qxd8 36. Re8+ $18) 34. Qxb6 axb5 35. Qxe6+ Qf7 36. Qxf7+ Kxf7 37. Re5 Rd8 38. Rxb5 Rxd7 39. a4 Bc6 40. Rf5+ Ke6 41. Ra5 Rd1+ 1/2-1/2

[Event "London Classic 6th"]
[Site "London"]
[Date "2014.12.13"]
[Round "4"]
[White "Nakamura, Hikaru"]
[Black "Adams, Michael"]
[Result "1-0"]
[WhiteElo "2775"]
[BlackElo "2745"]
[Annotator "Krasenkow,Michal"]
[PlyCount "79"]
[EventDate "2014.12.10"]
[EventType "tourn"]
[EventRounds "5"]
[EventCountry "ENG"]
[EventCategory "22"]
[SourceTitle "CBM 164"]
[Source "ChessBase"]
[SourceDate "2015.01.15"]
[SourceVersion "1"]
[SourceVersionDate "2015.01.15"]
[SourceQuality "1"]

1. d4 Nf6 2. c4 e6 3. Nf3 d5 4. Bg5 Be7 5. Qc2 {An unusual but quite logical move order: ...d5xc4 and ...c7-c5 are now less appropriate than in positions with White's knight on c3.} h6 (5... O-O 6. e3 {leads to a kind of normal Queen's Gambit.}) 6. Bxf6 Bxf6 7. e3 c5 {A risky idea.} (7... O-O 8. Nc3 {leads to a well-known position} (8. cxd5 $5 exd5 9. Bd3 {is possible if White wants to avoid theory})) ({RR} 7... O-O 8. h4 c5 9. g4 g6 10. g5 hxg5 11. hxg5 Bg7 12. Nc3 cxd4 13. exd4 Nc6 14. O-O-O Nb4 15. Qd2 dxc4 16. Qf4 Qa5 17. Bxc4 b5 18. Bb3 Bb7 19. Kb1 Rac8 20. Rh3 Rxc3 21. bxc3 Nd5 22. Bxd5 {Mamedyarov,S (2767)-So,W (2767) Chess.com INT 2019 0-1}) ({RR} 7... Nd7 8. Nbd2 O-O 9. h4 c5 10. dxc5 Nxc5 11. cxd5 b6 12. g4 g6 13. g5 hxg5 14. hxg5 Bg7 15. O-O-O exd5 16. Bh3 Re8 17. Nb3 Bxh3 18. Rxh3 Nxb3+ 19. Qxb3 Qc8+ 20. Kb1 Qxh3 21. Qxd5 Qf5+ {0-1 (21) Guliev,G (2123)-Papasimakopoulos,A (2366) chess.com INT 2025}) 8. cxd5 cxd4 9. Bb5+ Bd7 $146 ({It was not easy to go for} 9... Nd7 10. dxe6 Qa5+ 11. Nc3 dxc3 12. exd7+ Bxd7 13. Bxd7+ Kxd7 {but apparently Black can hold his ground:} 14. O-O cxb2 15. Rad1+ Ke7 16. Qe4+ Kf8 17. Qxb7 Re8 $1 18. Nd4 Qc3 19. Rb1 Bxd4 20. exd4 Qxd4 21. Rfd1 Qf6 22. Rxb2 g6 {[%cal Ye8e7,Yf8g7]}) ({RR} 9... Ke7 10. exd4 exd5 11. O-O Be6 12. Re1 Qd6 13. Nc3 Nc6 14. Bxc6 Qxc6 15. Ne5 Bxe5 16. Rxe5 f6 17. Re3 Rhe8 18. Qh7 Kf8 19. Rg3 Re7 20. h3 Bg8 21. Qh8 Qe6 22. Rc1 Rc8 23. Kh2 Rcc7 24. Rf3 {Ipatov,A (2665)-Akobian,V (2640) Saint Louis 2018 0-1 (68)}) {After the game move Black can't equalise anymore.} 10. dxe6 Qa5+ (10... Bxb5 $143 11. exf7+ Kxf7 12. Qb3+ Ke7 13. Qxb5 Qb6 14. Qxb6 axb6 15. Nxd4 {, and White should convert his material advantage, e.g.} Nc6 16. Nxc6+ bxc6 17. Nc3 Bxc3+ 18. bxc3 Ra3 19. Kd2 Rha8 20. Rhc1 Rxa2+ 21. Rxa2 Rxa2+ 22. Rc2 {etc.}) 11. Nbd2 Qxb5 12. exd7+ Nxd7 13. Qe4+ Kf8 14. Nxd4 Qxb2 15. Rb1 Qxa2 16. Qxb7 Rd8 (16... Rb8 17. Qxd7 Rxb1+ 18. Nxb1 Qxb1+ 19. Ke2 Qb2+ 20. Kf3 g6 21. Rd1 $5 {, and White keeps pressure} ({or} 21. Qxa7 Bxd4 22. Qxd4 Qxd4 23. exd4 Ke7 {- this ending is theoretically drawn but requires accurate defence})) 17. Qb4+ Kg8 18. O-O {It is hardly possible for Black to get his h8-rook out without at least losing his a7-pawn.} a5 (18... Qd5 19. Ra1 {[%csl Ra7]}) 19. Qc3 Qd5 (19... Bxd4 $5 20. exd4 (20. Qxd4 Kh7 21. Ra1 Qc2 22. Rfc1 Qf5) 20... Qd5 21. Rfd1 {[%cal Yd2c4]}) 20. Qc7 Nf8 21. Rb5 Qd7 22. Qxd7 Rxd7 23. N2f3 Bxd4 (23... Ne6 24. Nxe6 fxe6 25. Rxa5 {is favourable for White, of course. The rook endgame with pawns on the same side offers Black more drawing chances.}) 24. Nxd4 Ne6 25. Nxe6 fxe6 {[%mdl 4096]} 26. Rxa5 Kf7 27. g4 Rc8 $6 {Black should have aimed for the exchange of one pair of rooks:} (27... Rhd8 {[%cal Yd7d1] In the resulting ending he should be able to survive with accurate defence. With four rooks on the board White has more chances to out-manoeuvre his opponent.}) 28. Rb1 Rc2 29. Ra8 Rc4 30. h3 h5 $2 {This pawn sacrifice looks merely temporary but it proves impossible for Black to regain it without critically worsening the position of his rooks.} ({But even after} 30... Rdc7 31. Rbb8 g5 32. Rg8 {[%cal Ra8f8]} Kf6 $1 33. Kg2 {it is unclear whether he can successfully defend.}) 31. gxh5 Rh4 32. Rh8 Kf6 (32... Rxh3 33. Kg2 Rh4 34. f4 $18 {[%csl Rh4][%cal Rg2g3]}) 33. Kh2 Rd5 34. Rf8+ Ke7 35. Rf3 {[%cal Rb1b7]} Rf5 (35... Rhxh5 36. Rb7+ Rd7 37. Rxd7+ Kxd7 38. Rf7+ $18) 36. Rxf5 exf5 37. Rg1 Kf6 38. Rg6+ Kf7 39. Rg5 Kf6 (39... f4 40. Rf5+ Ke6 41. Rxf4 Rxh5 $18 {}) 40. f4 {[%cal Rh2g3]} 1-0